000 00612nam a2200241 a 4500
001 13083
003 BD-JhCC
005 20230624105341.0
008 230624s2010 uk |||| |||| 000 0 eng d
020 _a ‎9780553826166
035 _a(BD-JhCC)13083
040 _aBD-JhCC
_dBD-JhCC
041 _aeng
082 _a813.54
_bCHI 2010
100 _aChild, Lee
245 _aKilling floor /
_cLee Child
260 _aLondon :
_bBantam,
_c2010
300 _a524 p. :
_c20 cm.
490 _aA Jack Reacher Thriller
650 _aReacher, Jack (Fictitious character)
650 _aThriller
942 _2ddc
_cBK
999 _c13083
_d13083